Представление документа в формате RUSMARC

ПолеНазваниеЗначение
  Тип записи a
  Библиографический уровень m
001 Контрольный номер RU/SLIB/B/208765441
005 Дата корректировки 20241022084310.9
010 Индекс ISBN __
d Цена 62-00; 4-00
101 Язык документа __
a Язык текста rus
c Язык оригинала rus
200 Заглавие и сведения об ответственности 0_
a Заглавие Все, что помню о Есенине
f Первые сведения об ответственности М. Д. Ройзман
b Общее обозначение материала Текст
210 Выходные данные __
a Место издания М.
c Издательство Совет. Россия
d Дата издания 1973
215 Физическое описание __
a Объем 271 с., [8] л. ил.
300 Общие примечания __
a Общие примечания Дар
600 Персоналии __
a Персоналии (Фамилия) Есенин, С. А.
c Дополнение к имени поэт русский
f Даты 1895-1925
g Полное имя Сергей Александрович
606 Тематические рубрики __
a Основная рубрика Художественная литература
606 Тематические рубрики __
a Основная рубрика Русская литература XX в. (произведения)
606 Тематические рубрики __
a Основная рубрика Литературоведение
606 Тематические рубрики __
a Основная рубрика Русская литература XX в.
610 Ключевые слова __
a Ключевые слова прозаики; поэты; воспоминания; биографии
686 Индексы других классификаций __
a Классификационный индекс 84(2Рос=Рус)6-4
686 Индексы других классификаций __
a Классификационный индекс 83.3(2Рос=Рус)6-8
700 Автор _1
a Фамилия Ройзман
b Имя М. Д.
4 Код отношения 070
801 Источник записи _0
a Страна RU
b Организация Муниципальное бюджетное учреждение культуры "Централизованная библиотечная система" г. Сургут (Центральная городская библиотека им. А. С. Пушкина)
g Правила каталогизации ОБ/Котельникова; КиК/Гришунина
801 Источник записи _1
a Страна RU
b Организация Муниципальное бюджетное учреждение культуры "Централизованная библиотечная система" г. Сургут (Центральная городская библиотека им. А. С. Пушкина)
g Правила каталогизации ОБ/Котельникова; КиК/Гришунина
852 Данные о местонахождении __
j Шифр хранения 84(2Рос=Рус)6-4
c Каталожный индекс 84(2Рос=Рус)6-4; 83.3(2Рос=Рус)6-8
i Авторский знак Р 65
p Инвентарный номер 04050070; 75077
901 Тип документа __
t Тип документа m
903 Характеристики (МАРС) __
a Дата передачи 20040426; 20000220
990 Данные о заказе (DOS) 00
j Количество экземпляров (DOS) 1; 1
t N записи в КСУ для И/У (DOS) 200405; 200001